| 000 | 00348nam a2200145Ia 4500 | ||
|---|---|---|---|
| 005 | 20251222143230.0 | ||
| 008 | 251222s9999||||xx |||||||||||||| ||spa|| | ||
| 020 | _a958-648-321-5 | ||
| 082 | _a330.1/C33 | ||
| 100 | _aCastaño Tamayo, Ramón Abel | ||
| 245 | 0 | _aIdeas Económicas Mínimas: | |
| 250 | _a20a. ed. | ||
| 264 | _bEcoe | ||
| 942 | _cLIB | ||
| 999 |
_c14146 _d14146 |
||